00701nam a2200241 a 4500001001300000003000900013005001700022008004100039020001000080082001800090100001800108245001700126260003800143300000900181500003500190505003400225650004000259700001800299902000800317942000700325952011400332999001300446nice12345678IN_TiNIC20260116011354.0050524s0000 dela grp 000 0 urd  ac1.500a297.1229bMAH aMahmood, Syed aAta-I- Qudsi aDelhibMaktaba Darul Furqanc0000 a104p aincludes index and biblioraphy2 ascn book club study project.3 aQuran-Surah-Ayatulkursi-Hermaneutic1 aMahmood, Syed bSRS cBK 001040708StackRoom-aHMIbHMId2007-08-07g1.50l0o297.1229 MAHp03643r2007-08-07v1.50w2005-05-24yBK c943d943